[Event "Reykjavik Open 2013"]
[Site "Reykjavik ISL"]
[Date "2013.02.26"]
[Round "9.48"]
[White "Finnbogadottir, Tinna Kristin"]
[Black "Mamedjarova, Turkan"]
[Result "0-1"]
[BlackTitle "WGM"]
[WhiteElo "1871"]
[BlackElo "2280"]
[WhiteFideId "2300214"]
[BlackFideId "13402005"]
[EventDate "2013.02.19"]

1. e4 e5 2. Nf3 Nc6 3. Bc4 Bc5 4. c3 Nf6 5. d4 exd4 6. e5 d5 7. Bb5 Ne4 8. cxd4
Bb4+ 9. Bd2 Nxd2 10. Nbxd2 O-O 11. Qa4 Bxd2+ 12. Nxd2 Qg5 13. Bxc6 Qxg2 14. Bxd5
Qxd5 15. O-O-O b5 16. Qb4 a5 17. Qc3 a4 18. Rhg1 Ra6 19. Qg3 Rg6 20. Qf4 Qxa2
21. Nb1 Qc4+ 22. Kd2 c5 23. Na3 Qa2 24. Kc1 b4 25. Nc2 a3 26. bxa3 b3 27. Qe4
bxc2 28. Qxc2 Qa1+ 29. Qb1 Qxa3+ 30. Kd2 Qa5+ 31. Ke3 Qc3+ 32. Kf4 Rxg1 33. Rxg1
Qxd4+ 34. Kf3 Qxe5 35. Qc1 Bb7+ 36. Kg4 Rd8 37. Re1 h5+ 38. Kh3 Qf5+ 0-1

[Event "Reykjavik Open 2013"]
[Site "Reykjavik ISL"]
[Date "2013.02.26"]
[Round "9.49"]
[White "Wahlbom, Magnus"]
[Black "Kuehnast, Volker"]
[Result "1-0"]
[WhiteElo "2279"]
[BlackElo "1936"]
[WhiteFideId "1700685"]
[BlackFideId "24653756"]
[EventDate "2013.02.19"]

1. d4 g6 2. c4 Bg7 3. Nf3 d6 4. Nc3 a6 5. h3 e6 6. e4 Nd7 7. Be2 Ne7 8. Be3 b6
9. Qd2 O-O 10. Bh6 c5 11. Bxg7 Kxg7 12. O-O Bb7 13. Rad1 Qc7 14. dxc5 Nxc5 15.
b4 Nd7 16. Qxd6 Qxd6 17. Rxd6 Nf6 18. e5 Ne4 19. Nxe4 Bxe4 20. Rd7 Rfe8 21. Rfd1
Nc6 22. Ng5 1-0

[Event "Reykjavik Open 2013"]
[Site "Reykjavik ISL"]
[Date "2013.02.26"]
[Round "9.50"]
[White "Kvisvik, Brede"]
[Black "Isaksson, Per"]
[Result "1-0"]
[WhiteTitle "FM"]
[WhiteElo "2314"]
[BlackElo "2016"]
[WhiteFideId "1502999"]
[BlackFideId "1707035"]
[EventDate "2013.02.19"]

1. d4 d5 2. c4 e6 3. Nf3 Nf6 4. g3 dxc4 5. Bg2 Bb4+ 6. Bd2 a5 7. O-O O-O 8. Qc2
Bxd2 9. Nbxd2 b5 10. Ne5 Ra6 11. a4 c6 12. Rfd1 Qxd4 13. Ndf3 Qe4 14. Qxe4 Nxe4
15. Nd4 Nc5 16. Ndxc6 Nxc6 17. axb5 Nxe5 18. bxa6 Nxa6 19. Rxa5 Nd7 20. Rd4 Nac5 1-0

[Event "Reykjavik Open 2013"]
[Site "Reykjavik ISL"]
[Date "2013.02.26"]
[Round "9.52"]
[White "Murray, Michael A."]
[Black "Bird, Andrew"]
[Result "0-1"]
[WhiteElo "2017"]
[BlackElo "2223"]
[WhiteFideId "2609126"]
[BlackFideId "3204502"]
[EventDate "2013.02.19"]

1. e4 e5 2. Nf3 Nc6 3. Nc3 Nf6 4. g3 d5 5. exd5 Nd4 6. Bg2 Bg4 7. h3 Bxf3 8.
Bxf3 Nxf3+ 9. Qxf3 Bb4 10. O-O O-O 11. d3 Bxc3 12. bxc3 Qxd5 13. Qxd5 Nxd5 14.
Bd2 Rfe8 15. Rfe1 f6 16. a4 Kf7 17. c4 Ne7 18. Rab1 b6 19. Bc3 Nc6 20. Kg2 Rad8
21. f3 Re6 22. Kf2 Rde8 23. c5 bxc5 24. Rb5 c4 25. dxc4 Rd8 26. Rd5 Red6 27.
Red1 Ke6 28. Rxd6+ Rxd6 29. Rb1 Kd7 30. Rb5 Nd4 31. Ra5 Nc6 32. Rb5 Kc8 33. Rd5
Rxd5 34. cxd5 Ne7 35. Bb4 Nxd5 36. Bf8 g6 37. Bg7 Kd7 38. c4 Nb6 39. Bxf6 Nxc4
40. Ke2 Ke6 41. Bd8 c6 42. a5 a6 43. Kd3 Kd5 44. Bc7 Nd6 45. g4 Nb5 46. Bb8 Nd4
47. Ke3 Ne6 48. h4 Nf4 49. Kd2 c5 50. Bc7 h5 51. gxh5 gxh5 52. Bd8 Kd4 53. Bf6
c4 54. Bg5 c3+ 55. Kc2 Nd3 56. Kd1 Kc4 57. Ke2 c2 58. Bd2 c1=Q 59. Bxc1 Nxc1+
60. Ke3 Kd5 61. f4 e4 62. f5 Nd3 63. f6 Ne5 0-1

[Event "Reykjavik Open 2013"]
[Site "Reykjavik ISL"]
[Date "2013.02.26"]
[Round "9.53"]
[White "Pretterhofer, Kiaras"]
[Black "Halldorsson, Jon Arni"]
[Result "1-0"]
[WhiteElo "1997"]
[BlackElo "2222"]
[WhiteFideId "1618768"]
[BlackFideId "2301075"]
[EventDate "2013.02.19"]

1. e4 e6 2. d4 d5 3. Nc3 Bb4 4. e5 Qd7 5. a3 Bxc3+ 6. bxc3 b6 7. Bd3 Ba6 8. Qg4
f5 9. Qh5+ g6 10. Qe2 Bxd3 11. Qxd3 Nc6 12. Nf3 Na5 13. h4 h6 14. Be3 Ne7 15.
Nd2 Qc6 16. Rg1 Nc4 17. Nxc4 dxc4 18. Qd2 f4 19. Bxf4 Nf5 20. f3 O-O-O 21. a4 a5
22. Qe2 Nxh4 23. Qe4 Qxe4+ 24. fxe4 g5 25. Be3 Kb7 26. Ke2 Ka6 27. Raf1 Rdf8 28.
Rf6 Rxf6 29. exf6 Rf8 30. e5 c6 31. Bc1 b5 32. Ba3 Rf7 33. g4 Ng6 34. Rh1 Nh4
35. Rf1 Ng6 36. Bd6 Nf4+ 37. Kd2 1-0

[Event "Reykjavik Open 2013"]
[Site "Reykjavik ISL"]
[Date "2013.02.26"]
[Round "9.54"]
[White "Ofstad, Sigurd"]
[Black "Frisk, Ellinor"]
[Result "1/2-1/2"]
[BlackTitle "WF"]
[WhiteElo "1985"]
[BlackElo "2197"]
[WhiteFideId "1507729"]
[BlackFideId "1708481"]
[EventDate "2013.02.19"]

1. f4 c5 2. Nf3 g6 3. g3 Bg7 4. Bg2 Nc6 5. O-O e6 6. d3 Nge7 7. e4 O-O 8. c3 b6
9. Be3 Ba6 10. Bf2 Qc7 11. Re1 Rac8 12. Na3 d6 13. Nc2 Rfd8 14. Rc1 Qd7 15. Qd2
Rc7 16. d4 cxd4 17. cxd4 d5 18. e5 Rdc8 19. Na3 Na5 20. g4 Nc4 21. Nxc4 Rxc4 22.
Bh4 Bf8 23. b3 Rxc1 24. Rxc1 Rxc1+ 25. Qxc1 Qc6 26. Qd2 Qb5 27. f5 exf5 28. Bxe7
Bxe7 29. gxf5 gxf5 30. Kf2 Qd3 31. Kg3 Qe4 32. Qf4 Bd3 33. h4 Qxf4+ 34. Kxf4 Be4
35. Bh3 Bxf3 36. Kxf3 Bxh4 37. Bxf5 Kf8 38. Bxh7 Ke7 39. Bf5 Bg5 40. Bc8 1/2-1/2

[Event "Reykjavik Open 2013"]
[Site "Reykjavik ISL"]
[Date "2013.02.26"]
[Round "9.55"]
[White "Halldorsson, Bragi"]
[Black "Karlsson, Mikael Johann"]
[Result "1/2-1/2"]
[WhiteElo "2180"]
[BlackElo "1990"]
[WhiteFideId "2300907"]
[BlackFideId "2305194"]
[EventDate "2013.02.19"]

1. d4 d5 2. c4 c6 3. Nf3 Nf6 4. g3 Nbd7 5. b3 g6 6. Bg2 Bg7 7. O-O O-O 8. Bb2 b6
9. Nbd2 Bb7 10. Rc1 Re8 11. Qc2 Rc8 12. Qb1 e6 13. Rfe1 dxc4 14. Nxc4 Qc7 15. e4
b5 16. Ncd2 Qb6 17. e5 Nd5 18. Ne4 Bf8 19. h4 c5 20. h5 c4 21. Nfg5 Bb4 22. hxg6
fxg6 23. bxc4 bxc4 24. Nf6+ N7xf6 25. exf6 Nxf6 26. Bxb7 Qxb7 27. Bc3 Rb8 28.
Rxe6 Rxe6 29. Nxe6 Ba3 30. Qxb7 Rxb7 31. Rc2 Nd5 32. Nc5 Rb1+ 33. Kg2 Rc1 34.
Rxc1 Bxc1 35. Ba5 c3 36. Nb3 Bh6 37. f4 Bf8 38. Kf3 Bb4 39. Bxb4 Nxb4 40. Nc1
Kf7 41. Ke4 Ke6 42. a3 Nc2 43. Ne2 Nxa3 44. Nxc3 Nc4 45. d5+ Kd7 46. Kd4 Nd6 47.
Ke5 Ke7 48. g4 h5 49. gxh5 gxh5 50. f5 Nf7+ 51. Kf4 Kd6 52. f6 h4 53. Nb5+ 1/2-1/2

[Event "Reykjavik Open 2013"]
[Site "Reykjavik ISL"]
[Date "2013.02.26"]
[Round "9.56"]
[White "Bjornes, Leif"]
[Black "Ornolfsson, Magnus P."]
[Result "0-1"]
[WhiteElo "1957"]
[BlackElo "2169"]
[WhiteFideId "1507397"]
[BlackFideId "2301016"]
[EventDate "2013.02.19"]

1. d4 Nf6 2. c4 e6 3. Nc3 d5 4. Bg5 Be7 5. e3 c6 6. Nf3 O-O 7. Qc2 Nbd7 8. cxd5
exd5 9. Bd3 Re8 10. O-O Nf8 11. Ne5 Ng4 12. Bf4 Bd6 13. Nxg4 Bxf4 14. h3 Bxg4
15. hxg4 Bd6 16. g3 Qg5 17. Be2 Re6 18. Kg2 Rae8 19. Qf5 Qd8 20. Bf3 Bb8 21. Ne2
Qd6 22. Nf4 Rf6 23. Qd3 Ng6 24. Rh1 Qb4 25. b3 Bxf4 26. gxf4 Rxf4 27. Rh5 h6 28.
Rah1 Rf6 29. g5 hxg5 30. Rxg5 Qd6 31. Bg4 Qf4 32. Qf5 Rxf5 33. exf4 Nxf4+ 0-1

[Event "Reykjavik Open 2013"]
[Site "Reykjavik ISL"]
[Date "2013.02.26"]
[Round "9.57"]
[White "Ingvason, Johann"]
[Black "Vigfusson, Vigfus"]
[Result "1/2-1/2"]
[WhiteElo "2148"]
[BlackElo "1985"]
[WhiteFideId "2301431"]
[BlackFideId "2303914"]
[EventDate "2013.02.19"]

1. e4 e5 2. Nf3 Nf6 3. Nc3 Nc6 4. Bc4 Nxe4 5. Nxe4 d5 6. Bd3 dxe4 7. Bxe4 Bd6 8.
O-O O-O 9. h3 Bd7 10. d4 h6 11. dxe5 Nxe5 12. Bxb7 Rb8 13. Bd5 Qf6 14. Re1 Rfd8
15. Rb1 c6 16. Be4 Be6 17. Qe2 Nxf3+ 18. Qxf3 Qxf3 19. Bxf3 Bb4 20. Rd1 Rxd1+
21. Bxd1 Bxa2 22. Ra1 Rd8 23. Be2 Bd5 24. Rxa7 Re8 25. Be3 Bc5 26. Rc7 Bxe3 27.
fxe3 Rxe3 28. Rc8+ Kh7 29. Bd3+ g6 30. Kf2 Re7 31. b3 Rb7 32. g4 Kg7 33. Ke3 Rb4
34. Rc7 Kf6 35. Kd2 Ke5 36. c4 Be6 37. Kc3 Rb6 38. b4 Ra6 39. Bc2 Kd6 40. Rb7
Ke5 41. Bb3 f5 42. gxf5 Bxf5 43. h4 Kf4 44. b5 cxb5 45. cxb5 Rf6 46. Kd4 Kg4 47.
Ke5 Rf8 48. b6 Kxh4 49. Rh7 Rb8 50. b7 h5 51. Bd5 Bc8 52. bxc8=Q Rxc8 53. Kf6
Rc5 54. Bf7 Rc6+ 55. Kg7 Kg5 56. Rh8 h4 57. Ra8 h3 58. Rh8 Rc3 59. Bxg6 Rc7+ 60.
Bf7 Kg4 61. Kf6 Rxf7+ 62. Kxf7 1/2-1/2

[Event "Reykjavik Open 2013"]
[Site "Reykjavik ISL"]
[Date "2013.02.26"]
[Round "9.58"]
[White "Thorhallsson, Gylfi"]
[Black "Karlsson, Robin"]
[Result "1/2-1/2"]
[WhiteElo "2141"]
[BlackElo "1980"]
[WhiteFideId "2300800"]
[BlackFideId "1719637"]
[EventDate "2013.02.19"]

1. e4 c5 2. Nf3 Nc6 3. d4 cxd4 4. Nxd4 g6 5. Nc3 Bg7 6. Be3 Nf6 7. Bc4 O-O 8. f3
Qb6 9. Bb3 Nxe4 10. Nd5 Qa5+ 11. c3 Nf6 12. Nxc6 bxc6 13. Nxe7+ Kh8 14. Nxc8
Raxc8 15. O-O d5 16. Qd2 Rfe8 17. Rfe1 Nd7 18. Qf2 Ne5 19. Rad1 Qb5 20. Bd4 a5
21. Rd2 Re6 22. Rde2 Rce8 23. Bd1 c5 24. a4 Qc6 25. Bxe5 Rxe5 26. Rxe5 Rxe5 27.
Rxe5 Bxe5 28. f4 Bf6 29. Qe2 d4 30. Bb3 Kg7 31. Kf1 Qd6 1/2-1/2

[Event "Reykjavik Open 2013"]
[Site "Reykjavik ISL"]
[Date "2013.02.26"]
[Round "9.60"]
[White "Johannsson, Orn Leo"]
[Black "Newrkla, Katharina"]
[Result "1/2-1/2"]
[BlackTitle "WF"]
[WhiteElo "1953"]
[BlackElo "2135"]
[WhiteFideId "2303051"]
[BlackFideId "1621629"]
[EventDate "2013.02.19"]

1. d4 d5 2. Nf3 Nf6 3. Bf4 Bf5 4. e3 e6 5. Bd3 Bxd3 6. Qxd3 c6 7. Nbd2 Nbd7 8.
h3 Be7 9. O-O O-O 10. Ne5 c5 11. c3 Rc8 12. Nxd7 Qxd7 13. Be5 cxd4 14. Bxf6 Bxf6
15. cxd4 Qa4 16. Nb3 b6 17. a3 Qc4 18. Rfd1 Qxd3 19. Rxd3 Rc2 20. Rd2 Rxd2 21.
Nxd2 Rc8 22. Nf3 Kf8 23. Kf1 Ke7 24. Rd1 h5 25. Ke2 Kd6 26. Kd2 g5 27. Rc1 Rxc1
28. Kxc1 Be7 29. g4 hxg4 30. hxg4 f6 31. Kc2 Kc6 32. b4 a5 33. bxa5 bxa5 34. a4
Bb4 35. Kd3 Be7 36. Nd2 f5 37. f3 Bb4 38. Nf1 fxg4 39. fxg4 Bd6 40. Nd2 Be7 41.
Nf3 Bf6 42. e4 Kc7 43. e5 1/2-1/2

[Event "Reykjavik Open 2013"]
[Site "Reykjavik ISL"]
[Date "2013.02.26"]
[Round "9.61"]
[White "Palsson, Halldor"]
[Black "Thorsteinsdottir, Hallgerdur"]
[Result "0-1"]
[WhiteElo "2078"]
[BlackElo "1960"]
[WhiteFideId "2301202"]
[BlackFideId "2302454"]
[EventDate "2013.02.19"]

1. e4 c6 2. d4 d5 3. e5 Bf5 4. Be3 e6 5. Ne2 Ne7 6. Ng3 Bg6 7. Bd3 c5 8. Bxg6
hxg6 9. O-O Nbc6 10. c3 Nf5 11. Nxf5 gxf5 12. f4 c4 13. Nd2 Qa5 14. a4 Qc7 15.
b3 Na5 16. b4 Nc6 17. a5 a6 18. Qa4 Qd7 19. Rf3 Be7 20. Bf2 O-O-O 21. Qa2 Na7
22. Nxc4 dxc4 23. d5 Nb5 24. d6 Bxd6 25. exd6 Nxd6 26. Bb6 Rdg8 27. Rd1 Qc6 28.
Rd4 g5 29. Qe2 Rh4 30. Bc5 Ne4 31. Rxc4 Qa4 32. Bf2+ Kb8 33. Qe3 Qd1+ 34. Qe1
Nxf2 35. Kxf2 Qxe1+ 36. Kxe1 Rxh2 37. Kf1 gxf4 38. Rf2 e5 39. Rc5 f6 40. Kg1 Rh7
41. Kf1 Rc7 42. Rxc7 Kxc7 43. Ke2 Kc6 44. Kd3 Kb5 45. c4+ Kxb4 46. Rb2+ Kxa5 47.
c5 Rc8 48. Kc4 b5+ 49. Kd5 Ka4 50. c6 b4 51. Kc5 Ka3 52. Rb1 b3 53. Ra1+ Kb2 54.
Rxa6 Kc2 55. Ra4 b2 56. Rc4+ Kb3 57. Rb4+ Ka3 58. Rb5 e4 0-1

[Event "Reykjavik Open 2013"]
[Site "Reykjavik ISL"]
[Date "2013.02.26"]
[Round "9.62"]
[White "Frick, Renato"]
[Black "Roberts, Lynda"]
[Result "1/2-1/2"]
[BlackTitle "WC"]
[WhiteElo "2075"]
[BlackElo "1903"]
[WhiteFideId "12000027"]
[BlackFideId "1800191"]
[EventDate "2013.02.19"]

1. e4 c5 2. Nc3 Nc6 3. f4 d6 4. Nf3 e5 5. d3 Nge7 6. Be2 g6 7. O-O Bg7 8. Be3
Nd4 9. Qd2 Nxe2+ 10. Qxe2 Nc6 11. fxe5 Nxe5 12. Nxe5 Bxe5 13. Qf2 Be6 14. d4
cxd4 15. Bxd4 b6 16. Rad1 Qg5 17. Nd5 Bxd5 18. Bxe5 dxe5 19. Rxd5 O-O 20. h4 Qe7
21. Qg3 f6 22. Qb3 Kh8 23. Qb5 Rad8 24. Rfd1 Rxd5 25. Rxd5 Rd8 26. c4 Kg7 27. b4
Rxd5 28. cxd5 f5 29. Qc6 Qxh4 30. Qc7+ Kh6 31. Qc1+ Qg5 32. Qc3 fxe4 33. d6 e3
34. d7 e2 35. Qe1 Qd8 36. Qxe2 Qxd7 37. Qe3+ g5 38. Qxe5 Qd1+ 39. Kh2 Qh5+ 40.
Kg1 Qf7 41. g4 Qf4 42. Qe6+ Kg7 43. Qe7+ Kg6 44. Qe6+ Kg7 1/2-1/2

[Event "Reykjavik Open 2013"]
[Site "Reykjavik ISL"]
[Date "2013.02.26"]
[Round "9.63"]
[White "Thorgeirsson, Jon Kristinn"]
[Black "Marentini, Marcel"]
[Result "1-0"]
[WhiteElo "1766"]
[BlackElo "2069"]
[WhiteFideId "2307731"]
[BlackFideId "1318730"]
[EventDate "2013.02.19"]

1. e4 c5 2. Nf3 e6 3. d4 cxd4 4. Nxd4 a6 5. c4 Nf6 6. Bd3 Qc7 7. O-O Be7 8. Nc3
d6 9. Qe2 b6 10. f4 e5 11. Nc2 Nbd7 12. Ne3 Bb7 13. Nf5 Bf8 14. Nd5 Nxd5 15.
exd5 O-O-O 16. fxe5 dxe5 17. Ng3 f6 18. Bf5 Kb8 19. Be3 Bc5 20. Bxd7 Bxe3+ 21.
Qxe3 Rxd7 22. Rac1 Qc5 23. Qxc5 bxc5 24. Ne4 Rc8 25. Rc3 Ka7 26. Ra3 Rcc7 27.
Rff3 h6 28. h3 Rd8 29. g4 Rb8 30. Rfb3 Bc8 31. Rxb8 Kxb8 32. Ra5 f5 33. gxf5
Bxf5 34. Nxc5 Rf7 35. Nxa6+ Kb7 36. Nc5+ Kb8 37. Ra3 g5 38. Re3 Ka7 39. b4 e4
40. Nxe4 Re7 41. d6 Re8 42. Ra3+ Kb7 43. Nc5+ 1-0

[Event "Reykjavik Open 2013"]
[Site "Reykjavik ISL"]
[Date "2013.02.26"]
[Round "9.66"]
[White "Helin, Mikael"]
[Black "Doell, Detlef"]
[Result "0-1"]
[WhiteElo "1910"]
[BlackElo "2044"]
[WhiteFideId "1703838"]
[BlackFideId "4659449"]
[EventDate "2013.02.19"]

1. e4 c5 2. a3 Nc6 3. b4 cxb4 4. axb4 Nxb4 5. d4 d5 6. c3 Nc6 7. e5 Bf5 8. g4
Bg6 9. h4 h5 10. g5 e6 11. Nh3 Bf5 12. Nf4 g6 13. Ng2 Nge7 14. Ne3 Nc8 15. Nxf5
exf5 16. Rh3 Nb6 17. Nd2 Be7 18. Nf3 Qc8 19. Ng1 Nd8 20. e6 Nxe6 21. f4 Bd6 22.
Bb5+ Kf8 23. Rf3 Kg7 24. Kf2 Qc7 25. Ne2 a6 26. Bd3 Nc4 27. Qc2 Rhe8 28. Ng3
Bxf4 29. Bxf5 Bxg3+ 30. Rxg3 Nf4 31. Bd3 Nxd3+ 32. Qxd3 Re4 33. Qf3 Rae8 34. Ra2
Ne3 35. Qf6+ Kg8 36. Bxe3 R8e6 37. Re2 Rxf6+ 38. gxf6 Qxc3 39. Rf3 Rxh4 40. Kg3
Rg4+ 41. Kf2 a5 42. Re1 a4 43. Rc1 Qb2+ 44. Ke1 Rg1+ 45. Rf1 Rg2 46. Rc8+ Kh7
47. Rf2 Rg1+ 48. Rf1 Qb1+ 49. Rc1 Rxf1+ 50. Kxf1 Qf5+ 51. Ke2 Qxf6 52. Rf1 Qa6+
53. Kf2 a3 54. Bd2 Qd3 55. Ke1 a2 56. Rxf7+ Kg8 57. Rc7 a1=Q+ 58. Rc1 0-1

[Event "Reykjavik Open 2013"]
[Site "Reykjavik ISL"]
[Date "2013.02.26"]
[Round "9.67"]
[White "Thorsteinsdottir, Gudlaug"]
[Black "Hardarson, Jon Trausti"]
[Result "1-0"]
[WhiteTitle "WF"]
[WhiteElo "2041"]
[BlackElo "1853"]
[WhiteFideId "2300753"]
[BlackFideId "2302594"]
[EventDate "2013.02.19"]

1. d4 Nf6 2. c4 e6 3. Nf3 c5 4. d5 b5 5. e3 b4 6. Bd3 exd5 7. cxd5 d6 8. b3 g6
9. Bb2 Bg7 10. O-O O-O 11. e4 Re8 12. Nbd2 Bg4 13. Qc2 Bxf3 14. Nxf3 Nbd7 15.
Rfe1 a5 16. Bb5 Re7 17. Rad1 Qb6 18. Bc6 Rae8 19. h3 Qa7 20. Nd2 Nxe4 21. Bxg7
Nxd2 22. Rxe7 Rxe7 23. Bh6 Ne4 24. Re1 Ndf6 25. Qe2 Re5 26. Qf3 Qe7 27. Qd3 Nc3
28. Rxe5 Qxe5 29. Qa6 Ne8 30. Qc8 f5 31. Bxe8 Qe1+ 32. Kh2 Qe5+ 33. f4 1-0

[Event "Reykjavik Open 2013"]
[Site "Reykjavik ISL"]
[Date "2013.02.26"]
[Round "9.68"]
[White "Malmdin, Nils-Ake"]
[Black "Meier, Gerd"]
[Result "1-0"]
[WhiteTitle "FM"]
[WhiteElo "2281"]
[BlackElo "1949"]
[WhiteFideId "1701584"]
[BlackFideId "4682971"]
[EventDate "2013.02.19"]

1. e4 c5 2. Nf3 d6 3. d4 cxd4 4. Nxd4 Nf6 5. Nc3 a6 6. f4 e5 7. Nb3 Be7 8. Be2
O-O 9. O-O Qc7 10. a4 b6 11. Be3 Nbd7 12. f5 Bb7 13. Bf3 Rac8 14. Rf2 Rfd8 15.
Rd2 Nc5 16. Nxc5 dxc5 17. g4 Rxd2 18. Qxd2 Rd8 19. Qg2 h6 20. h4 Kh8 21. g5 Ng8
22. Kf2 c4 23. f6 gxf6 24. gxh6 Bf8 25. Rg1 Nxh6 26. Ke2 f5 27. Bg5 Bg7 28. Bxd8 1-0

[Event "Reykjavik Open 2013"]
[Site "Reykjavik ISL"]
[Date "2013.02.26"]
[Round "9.69"]
[White "Newrkla, Alexander"]
[Black "Van Weersel, Arlette"]
[Result "0-1"]
[BlackTitle "WIM"]
[WhiteElo "1969"]
[BlackElo "2211"]
[WhiteFideId "1610830"]
[BlackFideId "1009877"]
[EventDate "2013.02.19"]

1. e4 e5 2. Nf3 Nc6 3. d4 exd4 4. Nxd4 Bc5 5. Be3 Qf6 6. Nb5 Bxe3 7. fxe3 Qh4+
8. g3 Qd8 9. Qg4 Kf8 10. Qf4 d6 11. N1c3 Ne5 12. O-O-O Ng6 13. Qf2 a6 14. Nd4
Qf6 15. Rd2 Qxf2 16. Rxf2 Nf6 17. Be2 Ne5 18. Rf4 h5 19. Nd5 Nxd5 20. exd5 Ke7
21. Rhf1 Bh3 22. Rg1 Rag8 23. Nf5+ Bxf5 24. Rxf5 g6 25. Rf4 Kd8 26. h3 Re8 27.
Kd2 Re7 28. Rgf1 Rhe8 29. e4 Rf8 30. Bd3 c5 31. dxc6 bxc6 32. Rf6 Kc7 33. b3 a5
34. a4 Nd7 35. R6f4 Nc5 36. Rf6 Nd7 37. R6f4 Kb6 38. R1f2 Ne5 39. Rf6 Rd8 40.
Kc3 Kc5 41. R6f4 Rdd7 42. Bf1 Rb7 43. Bg2 Kb6 44. Rf6 Kc7 45. Rd2 Re6 46. Rdf2
Rxf6 47. Rxf6 Kd7 48. Rf2 Ke7 49. Rd2 c5 50. Rd1 Rb4 51. Rd2 f6 52. Re2 Ke6 53.
Re3 Nf7 54. Bf1 Ng5 55. Bg2 Ke5 56. Kb2 Rd4 57. Kc1 Rb4 58. c4 Ne6 59. Rd3 Nd4
60. Kb2 Rb8 61. Re3 h4 62. g4 Kf4 63. Rd3 Re8 64. Kc3 f5 65. exf5 gxf5 66. gxf5
Re2 67. Rd2 Rxd2 68. Kxd2 Kxf5 69. Ke3 Nxb3 70. Bc6 Nd4 71. Bd7+ Ke5 72. Bc8
Nc2+ 73. Kd2 Nb4 74. Ke3 d5 75. cxd5 Nxd5+ 76. Kd3 Nb6 77. Bg4 Nxa4 78. Kc4 Kd6
79. Kb5 Nb2 80. Kxa5 Kd5 81. Kb5 Kd4 82. Bf5 Nd1 83. Be6 Nc3+ 84. Ka5 Ne4 85.
Ka4 c4 86. Ka3 c3 87. Bf5 Nd6 88. Bg6 Ke3 89. Kb3 Kd2 90. Bh7 Nf7 91. Bg6 Ne5
92. Bc2 Nd3 93. Bb1 Nf2 0-1

[Event "Reykjavik Open 2013"]
[Site "Reykjavik ISL"]
[Date "2013.02.26"]
[Round "9.70"]
[White "Bergsson, Stefan"]
[Black "Mehringer, Joerg"]
[Result "1-0"]
[WhiteElo "2180"]
[BlackElo "1908"]
[WhiteFideId "2301393"]
[BlackFideId "12915351"]
[EventDate "2013.02.19"]

1. e4 e5 2. d4 exd4 3. c3 d3 4. Bxd3 Bc5 5. Nf3 d6 6. Bg5 Ne7 7. Nbd2 O-O 8. Qc2
h6 9. Bh4 Nbc6 10. O-O-O Be6 11. Kb1 Qd7 12. h3 Ng6 13. Bg3 Nce5 14. Be2 Qc6 15.
Nh2 f5 16. f4 Nd7 17. Bd3 Ne7 18. Rhe1 d5 19. e5 b5 20. Nhf3 Qb6 21. b4 Bxb4 22.
cxb4 a5 23. bxa5 c5 1-0

[Event "Reykjavik Open 2013"]
[Site "Reykjavik ISL"]
[Date "2013.02.26"]
[Round "9.71"]
[White "Birgisson, Ingvar Orn"]
[Black "Bjarnason, Saevar"]
[Result "0-1"]
[BlackTitle "IM"]
[WhiteElo "1953"]
[BlackElo "2133"]
[WhiteFideId "2301407"]
[BlackFideId "2300176"]
[EventDate "2013.02.19"]

1. e4 c6 2. d4 d5 3. exd5 cxd5 4. Bd3 Nf6 5. c3 Nc6 6. Bf4 Bg4 7. Qb3 Qc8 8. Nd2
e6 9. Ngf3 Be7 10. O-O O-O 11. Ne5 Nxe5 12. Bxe5 Bh5 13. Qc2 Bg6 14. Bxg6 hxg6
15. Rae1 b5 16. Nf3 b4 17. Rc1 bxc3 18. bxc3 Nd7 19. Rfe1 Qc6 20. c4 dxc4 21.
Qxc4 Qxc4 22. Rxc4 Nb6 23. Rc2 Rfc8 24. Rec1 Rxc2 25. Rxc2 f6 26. Bf4 g5 27. Be3
Nd5 28. Rb2 a5 29. Ne1 Rc8 30. Nd3 Rc3 31. Rb3 a4 32. Rxc3 Nxc3 33. Nc1 Ba3 34.
Bd2 Ne4 35. Be3 Bxc1 36. Bxc1 Kf7 37. Kf1 Ke7 38. Ba3+ Kd7 39. Bb4 Kc6 40. f3
Kb5 41. fxe4 Kxb4 42. Ke2 Kc4 43. Ke3 g4 44. h4 g3 45. e5 f5 46. d5 Kxd5 47. Kf4
Kd4 48. Kg5 Kxe5 49. Kg6 f4 0-1

[Event "Reykjavik Open 2013"]
[Site "Reykjavik ISL"]
[Date "2013.02.26"]
[Round "9.72"]
[White "Leimeister, Winfried"]
[Black "Van Heirzeele, Daniel"]
[Result "1/2-1/2"]
[WhiteElo "1909"]
[BlackElo "2125"]
[WhiteFideId "24653721"]
[BlackFideId "200425"]
[EventDate "2013.02.19"]

1. d3 d5 2. Nf3 c6 3. Nbd2 Bg4 4. h3 Bh5 5. g4 Bg6 6. Ne5 Nd7 7. Nxg6 hxg6 8.
Bg2 e6 9. e4 Bd6 10. Qe2 Ne7 11. c4 d4 12. a3 a5 13. b3 e5 14. f4 exf4 15. Nf3
Ne5 16. O-O Nxf3+ 17. Rxf3 g5 18. e5 Bc7 19. Bd2 Qd7 20. Qe4 Ng6 21. b4 axb4 22.
Bxb4 Nxe5 23. Rf2 f6 24. Bc5 Kf7 25. Rb2 Rab8 26. Ba7 b6 27. Rab1 Bd6 28. Bxb6
Bxa3 29. Rb3 Rhe8 30. Qxd4 Qxd4+ 1/2-1/2

[Event "Reykjavik Open 2013"]
[Site "Reykjavik ISL"]
[Date "2013.02.26"]
[Round "9.73"]
[White "Eliasson, Kristjan Orn"]
[Black "Raddatz, Michael"]
[Result "0-1"]
[WhiteElo "1873"]
[BlackElo "2075"]
[WhiteFideId "2301784"]
[BlackFideId "4613252"]
[EventDate "2013.02.19"]

1. e4 c5 2. Nf3 Nc6 3. d4 cxd4 4. Nxd4 Nf6 5. Nc3 e5 6. Nf3 Bb4 7. Bc4 O-O 8.
Bg5 Qa5 9. Bxf6 Bxc3+ 10. bxc3 Qxc3+ 11. Nd2 gxf6 12. Rb1 Qd4 13. Rb3 Kh8 14.
Rd3 Qc5 15. Qh5 d5 16. Qh6 Qe7 17. exd5 Nd4 18. O-O Rg8 19. d6 Qxd6 20. Bxf7 Rg7
21. Bc4 Rg6 22. Qh5 Bg4 23. Qh4 Qc6 24. f3 Bf5 25. Re3 Nxc2 26. Rb3 Nd4 27. Bd3
Rag8 28. Bxf5 Rxg2+ 29. Kh1 Nxf5 30. Qe4 Qc5 31. Rbb1 Nd6 32. Qh4 R8g6 33. Ne4
Qe3 34. Qh3 Nxe4 35. Qc8+ Rg8 36. Qf5 Rg1+ 0-1

[Event "Reykjavik Open 2013"]
[Site "Reykjavik ISL"]
[Date "2013.02.26"]
[Round "9.74"]
[White "Arntsen, Frode"]
[Black "Christiansen, Johan-Sebastian"]
[Result "0-1"]
[WhiteElo "1840"]
[BlackElo "2071"]
[WhiteFideId "1513761"]
[BlackFideId "1512668"]
[EventDate "2013.02.19"]

1. c4 c5 2. g3 g6 3. Bg2 Bg7 4. Nc3 Nc6 5. e3 e6 6. Nge2 Nge7 7. O-O Nf5 8. b3
O-O 9. Bb2 a6 10. d3 b5 11. Qd2 Qb6 12. Rab1 Bb7 13. Ne4 e5 14. f4 f6 15. N2c3
Nce7 16. Qe1 exf4 17. g4 Nxe3 18. Rxf4 Nxg2 19. Kxg2 f5 20. gxf5 gxf5 21. Qg3
Ng6 22. Kg1 fxe4 23. Rg4 Rf3 24. Qg2 Bd4+ 25. Kh1 Rf2 26. Qg3 Qf6 27. Nxe4 Bxe4+
28. dxe4 Rf1+ 0-1